01543 a2200241 4500003000500000005001700005020001500022040000900037082001500046100001500061245003800076250001200114260004700126300001000173505055900183650003200742942001200774999001900786952012400805952012400929952012401053952012401177Nust20230712124146.0 a8122416829 cNust a530.41,PIL aS.O.Pillai aSolid State Physics /cS.O.Pillai a6 th ed aNew DelhibNew Age International pubc2005 a819:p aIntroduction (Page-1), Review of atomic structure (Page-3), Inter atomic forces and bonding in solids (Page-47), Crystal Physics (Page-87), Wave nature of matter and X-ray diffraction (Page-157), Electrical properties of metals (Page-179), Thermal properties of solids (Page-334), Superconductivity (Page-358), Magnetic Properties of Materials (Page-429), Physics of Semiconductors (Page-523), Dielectrics and related properties (Page-625), Optical properties do 751 solids (Page-696), Miscellaneous Optics (Page-751), Some useful Information (Page-764). aSolid state physics.934429 2ddccBK c180777d180777 00102ddc4070aMCSbMCScGENd2016-12-12o530.41,PILpMCS33531r2016-12-08w2016-12-12yBKzAlmirah No.16, Shelf No.1 00102ddc4070aMCSbMCScGENd2023-07-12o530.41,PILpMCS33528r2023-07-12w2023-07-12yBKzAlmirah No.77, Shelf No.3 00102ddc4070aMCSbMCScGENd2023-07-12o530.41,PILpMCS33529r2023-07-12w2023-07-12yBKzAlmirah No.77, Shelf No.3 00102ddc4070aMCSbMCScGENd2023-07-12o530.41,PILpMCS33530r2023-07-12w2023-07-12yBKzAlmirah No.77, Shelf No.3